| 000 | 00678nam a22002172 4500 | ||
|---|---|---|---|
| 001 | 0000023964 | ||
| 005 | 20151217152253.0 | ||
| 008 | 130423s xx 000 0 eng d | ||
| 020 | _a0443021740 : | ||
| 040 |
_aKABU _cKABU |
||
| 245 | 1 | 0 |
_aFarquharson's textbook of operative surgery / _cedited by R. F. Rintoul. |
| 250 | _a6th ed. | ||
| 260 |
_aEdinburgh : _bChurchill Livingstone, _c1978. |
||
| 300 | _aviii, 963 p. | ||
| 650 | 0 |
_aSurgery, Operative. _@0000183274 |
|
| 650 | 0 |
_aSurgical procedures, Operative. _@0000183799 |
|
| 700 | 1 |
_aRintoul, R. F. _@0000183800 |
|
| 852 | 1 | _9p500 KES | |
| 908 | _a130423 | ||
| 950 | _@1 | ||
| 999 |
_c10086 _d10086 |
||